Dzielnice Redy według ulic - Statystyki

Ogólne statystyki
  • Ten quiz został rozwiązany 6 razy
  • Średni wynik to 6 z 7
Statystyki odpowiedzi
Ulica 1 Ulica 2 Dzielnica % Poprawnych
Wejherowska Rzeczna Pieleszewo
100%
12 marca Polna Betlejem
83%
Pucka Kazimierska Ciechocino
83%
Rolnicza Wodociągowa Moście Błota
83%
Długa Al. Lipowa Rekowo
83%
Gniewowska Leśna Marianowo
67%
Młyńska F. Fenikowskiego Os. Przy Młynie
50%
Nie znaleziono quizów pasujących do podanych kryteriów
Rozkład punktacji
Procent ludzi z każdym wynikiem
Percentyl według liczby udzielonych odpowiedzi
Twoja historia wyników
Nie rozwiązałeś tego quizu